Profitability and food security status of layer chicken farming household in some selected areas of gazipur district of bangladesh / (Record no. 17829)
[ view plain ]
| 000 -LEADER | |
|---|---|
| fixed length control field | 01120nam a22002777a 4500 |
| 001 - CONTROL NUMBER | |
| control field | BD-DhSAU |
| 003 - CONTROL NUMBER IDENTIFIER | |
| control field | BD-DhSAU |
| 005 - DATE AND TIME OF LATEST TRANSACTION | |
| control field | 20250127163435.0 |
| 008 - FIXED-LENGTH DATA ELEMENTS--GENERAL INFORMATION | |
| fixed length control field | 150420b2005 bg ||||| m||| 00| 0 eng d |
| 040 ## - CATALOGING SOURCE | |
| Original cataloging agency | BD-DhSAU |
| 082 ## - DEWEY DECIMAL CLASSIFICATION NUMBER | |
| Edition number | 22 |
| Classification number | 338.1 |
| Item number | P8862 |
| 100 ## - MAIN ENTRY--PERSONAL NAME | |
| Personal name | DHAR, PRANTO |
| Relator term | Registration No. # 16-07451 |
| 245 ## - TITLE STATEMENT | |
| Title | Profitability and food security status<br/>of layer chicken farming household in <br/>some selected areas of gazipur<br/>district of bangladesh /<br/><br/> |
| Remainder of title | MS thesis |
| 260 ## - PUBLICATION, DISTRIBUTION, ETC. (IMPRINT) | |
| Place of publication, distribution, etc. | Sher-e-Bangla Agricultural University: |
| Name of publisher, distributor, etc. | Department of Agriculture Economics , |
| Date of publication, distribution, etc. | 2023. |
| 300 ## - PHYSICAL DESCRIPTION | |
| Extent | xi, 83p. ; |
| Dimensions | 30 cm. |
| 500 ## - GENERAL NOTE | |
| General note | MS thesis of Department of Agriculture Economics ,<br/>Faculty of Agribusiness , Sher-e-Bangla Agricultural University, Dhaka, Bangladesh |
| 504 ## - BIBLIOGRAPHY, ETC. NOTE | |
| Bibliography, etc | Includes bibliographical reference. |
| 590 ## - Name of Cataloguer | |
| Name of Cataloger | Nazmul |
| 650 ## - SUBJECT ADDED ENTRY--TOPICAL TERM | |
| Topical term or geographic name as entry element | food security status |
| 651 ## - SUBJECT ADDED ENTRY--GEOGRAPHIC NAME | |
| Geographic name | layer chicken farming |
| 654 ## - SUBJECT ADDED ENTRY--FACETED TOPICAL TERM | |
| Focus term | gazipur district of bangladesh |
| 700 ## - ADDED ENTRY--PERSONAL NAME | |
| Personal name | Prof Dr. Gazi M. A. Jalil |
| Relator term | Superviser |
| 700 ## - ADDED ENTRY--PERSONAL NAME | |
| Personal name | Assico. Prof. Md Rakibur Rahman |
| Relator term | Co-superviser |
| 942 ## - ADDED ENTRY ELEMENTS (KOHA) | |
| Source of classification or shelving scheme | Dewey Decimal Classification |
| Koha item type | MS Level Thesis |
| Withdrawn status | Lost status | Source of classification or shelving scheme | Damaged status | Not for loan | Collection code | Home library | Branch Name | Date acquired | Total Checkouts | Full call number | Barcode | Date last seen | Price effective from | Koha item type |
|---|---|---|---|---|---|---|---|---|---|---|---|---|---|---|
| Dewey Decimal Classification | Not For Loan | Reference | SAU Library | SAU Library | 27/01/2025 | 338.1 P8862 | 45581 | 27/01/2025 | 27/01/2025 | MS Level Thesis |
